| 000 | 00820nam a2200241 a 4500 | ||
|---|---|---|---|
| 001 | 000021090 | ||
| 005 | 20200930011231.0 | ||
| 008 | 100830s1994 sp r 000 0 spa d | ||
| 020 | _a2855664594 | ||
| 040 |
_aDO-SdBNP _bspa _cBNPHU |
||
| 041 | 1 | 7 |
_aspa _hfre _2Código de idioma MARC |
| 082 |
_annnn _bA311c, 1994 |
||
| 100 | 1 |
_aAïvanhov, Omraam Mikhaël, _d1900-1986 _940493 |
|
| 240 | 1 | 0 |
_aCréation artistique et création spirituelle. _lEspañol. |
| 245 | 1 | 0 |
_aCreación artística y creación espiritual / _cOmraam Mikhaël Aïvanhov. |
| 250 | _a3a ed. | ||
| 260 |
_a[Barcelona] : _bProsveta, _c1994. |
||
| 300 |
_a181, [10] p. ; _c18 cm. |
||
| 490 | 1 |
_aIzvor _v223 |
|
| 534 |
_pTítulo original en francés: _tCréation artistique et création spirituelle. |
||
| 830 | 0 |
_aIzvor ; _v223 _940495 |
|
| 049 | _aBNGR | ||
| 999 |
_c20592 _d20592 |
||